<?xml version="1.0" encoding="UTF-8"?>
<record
    xmlns:xsi="http://www.w3.org/2001/XMLSchema-instance"
    xsi:schemaLocation="http://www.loc.gov/MARC21/slim http://www.loc.gov/standards/marcxml/schema/MARC21slim.xsd"
    xmlns="http://www.loc.gov/MARC21/slim">

  <leader>02247nam a2200241Ia 4500</leader>
  <controlfield tag="001">b6785-48855 </controlfield>
  <controlfield tag="003">IT-MiCISF</controlfield>
  <controlfield tag="005">20250221152105.0</controlfield>
  <controlfield tag="008">161014s9999||||xx |||||||||||||| ||und||</controlfield>
  <datafield tag="040" ind1=" " ind2=" ">
    <subfield code="a">IT-MiCISF</subfield>
    <subfield code="c">IT-MiCISF</subfield>
  </datafield>
  <datafield tag="041" ind1=" " ind2=" ">
    <subfield code="a">it</subfield>
  </datafield>
  <datafield tag="100" ind1=" " ind2=" ">
    <subfield code="a">Becciu Mario, Colasanti Anna Rita (a cura di)</subfield>
    <subfield code="9">61651</subfield>
  </datafield>
  <datafield tag="245" ind1=" " ind2="0">
    <subfield code="a">In viaggio per... crescere.</subfield>
    <subfield code="b">Un manuale di auto-mutuo aiuto per gli adolescenti: per potenziare le proprie risorse e stare bene con s&#xE9; e con gli altri</subfield>
  </datafield>
  <datafield tag="260" ind1=" " ind2=" ">
    <subfield code="a"> Milano,</subfield>
    <subfield code="b">Franco Angeli,</subfield>
    <subfield code="c">2010</subfield>
  </datafield>
  <datafield tag="300" ind1=" " ind2=" ">
    <subfield code="a">pp. 213</subfield>
  </datafield>
  <datafield tag="500" ind1=" " ind2=" ">
    <subfield code="a"> / adolescenza, formazione-personalit&#xE0;, educazione, progetto / </subfield>
  </datafield>
  <datafield tag="520" ind1=" " ind2=" ">
    <subfield code="a">L'adolescenza &#xE8; un'et&#xE0; ricca di sfide e di opportunit&#xE0;, nella quale la normale fatica del diventare adulti pu&#xF2; trasformarsi in un'esperienza psicologica stressante che apre la strada a situazioni di forte malessere. Poterla affrontare provvisti degli strumenti necessari per rispondere alle molteplici richieste che essa pone, vuol dire non solo traghettare senza particolari intralci verso l'et&#xE0; adulta, ma soprattutto sfruttare pienamente le sue infinite potenzialit&#xE0;. In questa prospettiva, questo manuale intende costituire per gli adolescenti un'occasione per apprendere ed accrescere, con l'aiuto e il supporto dei pari, quel bagaglio di competenze e strategie che permettono di far fronte ai complessi compiti di sviluppo propri di questa et&#xE0;. Questo libro &#xE8; cos&#xEC; il viaggio verso l'adultit&#xE0; di nove ragazzi che conosciutisi in treno, offrono - con le loro storie - preziosi spunti per riflettere sull'esperienza e potenziare il proprio repertorio di strategie e abilit&#xE0;. Gli otto episodi che scandiscono il viaggio da Roma a Milano sono i motivi dai quali si parte per confrontarsi in gruppo sul rapporto con se stessi, con la famiglia, con la scuola, con gli amici, con l'autorit&#xE0;, con il rischio, con il futuro e per sviluppare e affinare competenze personali e sociali in funzione di una maggiore autonomia e capacit&#xE0; decisionale.</subfield>
  </datafield>
  <datafield tag="650" ind1=" " ind2=" ">
    <subfield code="a">Et&#xE0;-evolutiva</subfield>
  </datafield>
  <datafield tag="654" ind1=" " ind2=" ">
    <subfield code="a">manuale</subfield>
  </datafield>
  <datafield tag="700" ind1=" " ind2=" ">
    <subfield code="a">Becciu M., Colasanti A.R., Muscella I., Saba A., De Siena M., Messina E., </subfield>
    <subfield code="a">Belea M., Salomone R., Nardone E., Lo Presti A.</subfield>
    <subfield code="9">61652</subfield>
  </datafield>
  <datafield tag="942" ind1=" " ind2=" ">
    <subfield code="c">BK</subfield>
    <subfield code="2">ddc</subfield>
  </datafield>
  <datafield tag="999" ind1=" " ind2=" ">
    <subfield code="c">210223</subfield>
    <subfield code="d">210223</subfield>
  </datafield>
  <datafield tag="999" ind1=" " ind2=" ">
    <subfield code="b">si</subfield>
  </datafield>
  <datafield tag="952" ind1=" " ind2=" ">
    <subfield code="0">0</subfield>
    <subfield code="1">0</subfield>
    <subfield code="4">0</subfield>
    <subfield code="6">B_678548855</subfield>
    <subfield code="7">1</subfield>
    <subfield code="a">CISF</subfield>
    <subfield code="b">CISF</subfield>
    <subfield code="d">2016-10-14</subfield>
    <subfield code="l">0</subfield>
    <subfield code="o">b6785-48855 </subfield>
    <subfield code="r">2016-10-14 00:00:00</subfield>
    <subfield code="w">2016-10-14</subfield>
    <subfield code="y">BK</subfield>
    <subfield code="z">Data import 15.10.2016 / by Epidotti, Vaglietti</subfield>
  </datafield>
</record>
